Normal view
MARC view
- Simmonds, N. W
Entry Personal Name
001 - CONTROL NUMBER
- control field: 106761
003 - CONTROL NUMBER IDENTIFIER
- control field: NUST
005 - DATE AND TIME OF LATEST TRANSACTION
- control field: 20230104130946.0
008 - FIXED-LENGTH DATA ELEMENTS
- fixed length control field: 230104|| aca||aabn | a|a d
040 ## - CATALOGING SOURCE
- Original cataloging agency: NUST
- Transcribing agency: NUST
100 ## - HEADING--PERSONAL NAME
- Personal name: Simmonds, N. W
670 ## - SOURCE DATA FOUND
- Source citation: Work cat.: (NUST)184077: Simmonds, N. W., Principles of crop improvement /, 1979.
